000 00496pab a2200181 454500
008 180718b2013 xxu||||| |||| 00| 0 eng d
100 _aCook, Alison
245 _aGlass cliffs and organizational saviors: Barriers to minority leadership in work organizations?
260 _c2013
300 _ap.168-187.
362 _aMay
650 _aEthic groups:Leadership
650 _aWork organization
700 _aGlass, Christy
773 _aSocial Problems
908 _aN
909 _a101223
999 _c101222
_d101222